| 000 | 01030nas a2200313 4500 | ||
|---|---|---|---|
| 001 | BR2010003114 | ||
| 003 | BR-BrBNA | ||
| 005 | 20231205114102.0 | ||
| 007 | ta | ||
| 008 | 230509b bl.|||p| |||| 00| 00por d | ||
| 040 |
_aBR-BrBNA _bpor _cBiblioteca Nacional de Agricultura |
||
| 041 | _a(Pt) | ||
| 072 | _aL51 | ||
| 100 | 1 | _aVelásquez, P.A. | |
| 100 | 1 | _aBerchielli, T.T. | |
| 100 | 1 | _aReis, R.A. | |
| 100 | 1 | _aRivera, A.R. | |
| 100 | 1 | _aDian, P.H.M. | |
| 100 | 1 | _aTeixeira, I.A.M. de A. | |
| 245 | 1 | _aCinética da fermentação e taxas de degradação de forrageiras tropicais em diferentes idades de corte estimadas pela técnica de produção de gases in vitro | |
| 650 | _aCAPIM | ||
| 650 | _aGRAMÍNEA FORRAGEIRA | ||
| 650 | _aDIGESTIBILIDADE | ||
| 650 | _aFERMENTAÇÃO | ||
| 650 | _aCOMPOSIÇÃO QUÍMICA | ||
| 773 | 0 |
_tRevista Brasileira de Zootecnia (Brazil) _xISSN 1516-3598 _g(Sep 2009), v. 39(9) p. 1695-1705 _wBR2010003114 |
|
| 909 |
_a202311 _bLúcia _c55 _dLúcia Elande |
||
| 942 |
_2AGRIS _n0 _cANA |
||
| 999 |
_c207011 _d207011 |
||